000 00303nam a22001337a 4500
008 170131b xxu||||| |||| 00| 0 eng d
020 _a9780679771739
041 _aeng
080 _a61
100 _a3
101 _aSHM
245 _aYOUR GUIDE TO HEALTH AND MEDICAL ADVICE
_cWOLFF,M
942 _2udc
_cBK
999 _c4100
_d4100